Housing development (Record no. 115766)
[ view plain ]
| 000 -LEADER | |
|---|---|
| fixed length control field | 01309cam a22002415a 4500 |
| 001 - CONTROL NUMBER | |
| control field | L159249 |
| 008 - FIXED-LENGTH DATA ELEMENTS--GENERAL INFORMATION | |
| fixed length control field | 120215s2015 xxk f 000 0 eng d |
| 035 ## - SYSTEM CONTROL NUMBER | |
| System control number | (Sirsi) u159249 |
| 041 0# - LANGUAGE CODE | |
| Language code of text/sound track or separate title | eng |
| 110 2# - MAIN ENTRY--CORPORATE NAME | |
| Corporate name or jurisdiction name as entry element | Building Cost Information Service |
| 9 (RLIN) | 1096 |
| 245 00 - TITLE STATEMENT | |
| Title | Housing development |
| Remainder of title | the economics of small sites - the effect of project size on the cost of housing construction |
| Medium | [electronic resource] |
| 260 ## - PUBLICATION, DISTRIBUTION, ETC. | |
| Name of publisher, distributor, etc. | BCIS |
| Date of publication, distribution, etc. | 2015 |
| 520 ## - SUMMARY, ETC. | |
| Summary, etc. | Report for the Federation of Small Businesses shows that the build cost expressed in £/m2 for all residential schemes of 10 units or less is on average 6% higher than on large developments. There is no evidence that it is taken into account when assessing the viability of smaller schemes and some local planning authorities are setting section 106 or Community Infrastructure Levy (CIL) rates for smaller developments without making allowance for these extra costs. |
| 521 ## - TARGET AUDIENCE NOTE | |
| Target audience note | Advanced |
| 590 ## - LOCAL NOTE (RLIN) | |
| Local note | KA |
| 650 24 - SUBJECT ADDED ENTRY--TOPICAL TERM | |
| Topical term or geographic name entry element | SMALL BUSINESSES |
| 650 24 - SUBJECT ADDED ENTRY--TOPICAL TERM | |
| Topical term or geographic name entry element | CONSTRUCTION COSTS |
| 651 #4 - SUBJECT ADDED ENTRY--GEOGRAPHIC NAME | |
| Geographic name | United Kingdom |
| 690 ## - LOCAL SUBJECT ADDED ENTRY--TOPICAL TERM (OCLC, RLIN) | |
| Topical term or geographic name as entry element | Cost management |
| 9 (RLIN) | 6233 |
| 710 1# - ADDED ENTRY--CORPORATE NAME | |
| Corporate name or jurisdiction name as entry element | Federation of Small Businesses |
| 9 (RLIN) | 1084 |
| 856 40 - ELECTRONIC LOCATION AND ACCESS | |
| Uniform Resource Identifier | <a href="https://www.fsb.org.uk/docs/default-source/Publications/reports/bcis.pdf?sfvrsn=0">https://www.fsb.org.uk/docs/default-source/Publications/reports/bcis.pdf?sfvrsn=0</a> |
| Public note | View the report online for free at www.fsb.org.uk... |
| 942 ## - ADDED ENTRY ELEMENTS (KOHA) | |
| Suppress in OPAC | 0 |
| Withdrawn status | Lost status | Source of classification or shelving scheme | Damaged status | Not for loan | Home library | Current library | Shelving location | Date acquired | Total Checkouts | Full call number | Barcode | Date last seen | Copy number | Price effective from | Koha item type |
|---|---|---|---|---|---|---|---|---|---|---|---|---|---|---|---|
| Dewey Decimal Classification | Virtual | Virtual | Online | 04/04/2016 | ONLINE PUBLICATION | 159249-2001 | 06/08/2019 | 1 | 06/08/2019 | Book |